Llueve sobre mojado, llueven las preguntas /

Guardado en:
Bibliografiske detaljer
Hovedforfatter: Falla, Ricardo
Format: Texto
Tags: Tilføj Tag
Ingen Tags, Vær først til at tagge denne postø!

MARC

LEADER 00000 a a2200000 04500
001 7109
003
040
100 |a Falla, Ricardo  
245 |a Llueve sobre mojado, llueven las preguntas /  |c Ricardo Falla 
773 |g volumen 18, número 211; páginas 35-42  
999 |c 31037  |d 31037